Història de l'assistència psiquiàtrica a Catalunya fins al 1914 / Helios Prieto i Campà
ISBN:
84-85248-74-5
Descripción Física:
170 p. ; 19 cm
MARC
| LEADER | 00000nam a2200000Ia 4500 | ||
|---|---|---|---|
| 001 | 17070 | ||
| 003 | AGDB | ||
| 005 | 20260324175307.0 | ||
| 008 | 160829s1989 xx 000 0 cat d | ||
| 020 | |a 84-85248-74-5 | ||
| 080 | |a S-1-211 | ||
| 100 | |a Prieto i Campà, Helios |9 25301 | ||
| 245 | |a Història de l'assistència psiquiàtrica a Catalunya fins al 1914 / Helios Prieto i Campà | ||
| 260 | |a Barcelona : |b Hacer, |c 1989 | ||
| 300 | |a 170 p. ; |c 19 cm | ||
| 590 | |a Referències bibliogràfiques | ||
| 650 | |a Assistència psiquiàtrica |9 25302 | ||
| 650 | |a Assistència psiquiàtrica |x Catalunya |x S. XIX |9 25303 | ||
| 650 | 0 | |a Assistència psiquiàtrica |z Catalunya |x Història |9 72333 | |
| 901 | |a Arxiu | ||
| 942 | |n 1 |2 udc |c ARXIU | ||
| 952 | |0 0 |1 0 |4 0 |6 S1211 |7 1 |9 43542 |a Arxiu |b Arxiu |d 2016-12-01 |l 0 |o S-1-211 |p 17070 |r 2016-12-01 00:00:00 |w 2016-12-01 |y ARXIU | ||
| 999 | |c 46088 |d 46088 | ||